书目信息 |
| 题名: |
列宁主义问题
|
|
| 作者: | 斯大林 著 ;中共中央马恩列斯著作编译局 译 | |
| 分册: | 第三分册 | |
| 出版信息: | 北京 人民出版社 1971 |
|
| 页数: | 217-293页 | |
| 开本: | 26cm | |
| 丛书名: | ||
| 单 册: | ||
| 中图分类: | A361 | |
| 科图分类: | ||
| 主题词: | 斯大林著作--专题汇编 | |
| 电子资源: | ||
| ISBN: | ||
| 000 | 00695nam0 2200193 450 | |
| 001 | 0661450672 | |
| 005 | 20071001095317.46 | |
| 100 | @a20060726d1971 km y0chiy0120 ea | |
| 101 | 0 | @achi |
| 102 | @aCN@b110000 | |
| 200 | 1 | @a列宁主义问题@h第三分册@Alie ning zhu yi wen ti@f斯大林著@Fsi da lin zhu@g中共中央马恩列斯著作编译局译@Gzhong gong zhong yang ma en lie si zhu zuo bian yi ju yi |
| 210 | @a北京@c人民出版社@d1971 | |
| 215 | @a217-293页@d26cm | |
| 606 | 0 | @a斯大林著作@x专题汇编 |
| 690 | @aA361@v3 | |
| 701 | 0 | @a斯大林@Asi da lin@4著 |
| 712 | 0 | @a中共中央马恩列斯著作编译局@Azhong gong zhong yang ma en lie si zhu zuo bian yi ju@4译 |
| 801 | 0 | @aCN@bPFT@c20071001 |
| 905 | @a10447@dA361@e13:3 | |
| 列宁主义问题.第三分册/斯大林著/中共中央马恩列斯著作编译局译.-北京:人民出版社,1971 |
| 217-293页;26cm |
| ISBN : |
| ● |
| 相关链接 |
|
|
|
|
正题名:列宁主义问题
索取号:A361/13:3
 
预约/预借
| 序号 | 登录号 | 条形码 | 馆藏地/架位号 | 状态 | 备注 |
| 1 | 0440572 | 204405722 | 密集书库/ [索取号:A361/13:3] | 在馆 | |
| 2 | 0626338 | 206263381 | 密集书库/ [索取号:A361/13:3] | 在馆 |